|
|
|
|
| LEADER |
00000nam1a2200000 4500 |
| 001 |
325515 |
| 005 |
20231101023759.0 |
| 035 |
|
|
|a (RuTPU)RU\TPU\book\351129
|
| 035 |
|
|
|a RU\TPU\book\351107
|
| 090 |
|
|
|a 325515
|
| 100 |
|
|
|a 20161207d m y0rusy50 ca
|
| 101 |
0 |
|
|a rus
|
| 102 |
|
|
|a RU
|
| 200 |
1 |
|
|a Электромоторы их работа и применение
|e авторизированный перевод с последнего немецкого издания
|f Г. Ф. Нитгаммер
|g пер. В. К. Клипфера
|
| 210 |
|
|
|a Берлин
|a Рига
|c Наука и жизнь
|c Типография К. Г. Редера
|d 1923
|
| 225 |
1 |
|
|a Библиотека Гешен
|
| 300 |
|
|
|a Принесено в дар студентами разных стран студентам России через посредство европейской студенческой помощи
|
| 700 |
|
1 |
|a Нитгаммер
|b Г. Ф.
|f 1874-1947
|g Георг Фридрих
|
| 702 |
|
1 |
|a Клипфер
|b В. К.
|4 730
|
| 801 |
|
1 |
|a RU
|b 63413507
|c 20161207
|
| 801 |
|
2 |
|a RU
|b 63413507
|c 20161207
|g RCR
|
| 942 |
|
|
|c BK
|